[Event "28th Czech Open E 2018"]
[Site "Pardubice CZE"]
[Date "2018.07.15"]
[Round "6.1"]
[White "Starek, Stanislav"]
[Black "Konopka, Michal"]
[Result "1/2-1/2"]
[BlackTitle "IM"]
[WhiteElo "2179"]
[BlackElo "2359"]
[WhiteTeam "KS 1925 RICANY A (MCR)"]
[BlackTeam "SK ZIKUDA TURNOV A (MCR)"]
[WhiteFideId "349844"]
[BlackFideId "308633"]
[EventDate "2018.07.12"]
[EventType "team"]

1. d4 Nf6 2. Bf4 d5 3. e3 g6 4. c4 Bg7 5. Nc3 O-O 6. Nf3 c5 7. dxc5 Qa5 8. Be2
dxc4 9. O-O Qxc5 10. Qa4 Nh5 11. Bxb8 Rxb8 12. Qxc4 Qxc4 13. Bxc4 Bg4 14. Bb3
Bxf3 15. gxf3 Bxc3 16. bxc3 Rfd8 17. Rfd1 Nf6 18. Kf1 Kf8 19. Ke2 e6 20. Rd4
Rdc8 21. Rc1 Rc5 22. Ra4 Ra8 23. Rb4 b6 24. a4 Rac8 25. Kd2 Rf5 26. Ke2 Rfc5 27.
Kd2 Ke7 28. Rb5 Ne8 29. Rb4 Rh5 30. h4 Nd6 31. Ra1 Rd8 32. Ke2 Rc5 33. Rc1 Rdc8
34. Kd3 Nb7 35. Bc4 Na5 36. Bb5 Nc6 37. Bxc6 R8xc6 38. Rg4 Rd6+ 39. Kc2 Rf5 40.
f4 Rfd5 41. Kb3 Rd2 42. Rc2 R6d5 43. Rg5 h6 44. Rxd5 Rxd5 45. Kb4 Kd6 46. c4 Rh5
47. Rd2+ Kc7 48. Rc2 Kc6 49. Rd2 Kc7 50. Rc2 a5+ 51. Kb3 Rxh4 52. c5 Rh5 53.
cxb6+ Kxb6 54. Rc8 Rf5 55. Kc4 g5 56. fxg5 hxg5 57. Rg8 Rxf2 58. Rxg5 Rc2+ 59.
Kd3 Rc5 60. Rg7 f5 61. Rd7 Rd5+ 62. Rxd5 exd5 63. Kc2 Kc6 64. Kd3 Kd6 65. Kd4
Ke6 66. Kc3 Kd7 67. Kc2 Kc7 68. Kd2 Kb6 69. Kc2 Kc6 70. Kd3 Kd7 71. Kd2 Kd6 72.
Kc2 Ke7 73. Kd2 Kf6 74. Kc3 Kf7 75. Kd4 Ke6 76. Kc3 Kd7 77. Kd2 Kd6 78. Kc2 Kc6
79. Kd3 Kc5 80. Kc3 d4+ 81. exd4+ Kd5 82. Kd3 f4 83. Ke2 Kxd4 84. Kf3 Ke5 85.
Kf2 Ke4 86. Ke2 Kd4 1/2-1/2

[Event "28th Czech Open E 2018"]
[Site "Pardubice CZE"]
[Date "2018.07.15"]
[Round "6.2"]
[White "Cech, Pavel"]
[Black "Braun, Marek"]
[Result "1/2-1/2"]
[WhiteTitle "IM"]
[WhiteElo "2345"]
[BlackElo "2226"]
[WhiteTeam "SK ZIKUDA TURNOV A (MCR)"]
[BlackTeam "KS 1925 RICANY A (MCR)"]
[WhiteFideId "302139"]
[BlackFideId "329029"]
[EventDate "2018.07.12"]
[EventType "team"]

1. e4 d6 2. d4 Nf6 3. Nc3 c6 4. Be3 b5 5. Bd3 e5 6. a4 b4 7. Nce2 Nbd7 8. Nf3
Bb7 9. Ng3 Be7 10. O-O O-O 11. a5 a6 12. h3 Re8 13. Qd2 exd4 14. Nxd4 c5 15.
Ndf5 Bf8 16. Rfe1 Qc7 1/2-1/2

[Event "28th Czech Open E 2018"]
[Site "Pardubice CZE"]
[Date "2018.07.15"]
[Round "6.3"]
[White "Skalicky, Tomas"]
[Black "Sodoma, Jan"]
[Result "1/2-1/2"]
[BlackTitle "IM"]
[WhiteElo "2120"]
[BlackElo "2342"]
[WhiteTeam "KS 1925 RICANY A (MCR)"]
[BlackTeam "SK ZIKUDA TURNOV A (MCR)"]
[WhiteFideId "334898"]
[BlackFideId "323195"]
[EventDate "2018.07.12"]
[EventType "team"]

1. d4 Nf6 2. c4 e6 3. Nf3 b6 4. a3 Ba6 5. e3 g6 6. Be2 Bg7 7. O-O O-O 8. Nc3 d5
9. b4 Bxc4 10. Bxc4 dxc4 11. Qe2 c5 12. Qxc4 Nbd7 13. dxc5 bxc5 14. Bb2 cxb4 15.
axb4 Qb8 16. Ne4 Nb6 17. Nxf6+ Bxf6 18. Qb3 Bxb2 19. Qxb2 Nd5 20. b5 a6 21. Rab1
axb5 22. Qxb5 Qxb5 23. Rxb5 Ra2 24. Rfb1 Rc8 25. Rb8 Rxb8 26. Rxb8+ Kg7 27. g4
Ra7 1/2-1/2

[Event "28th Czech Open E 2018"]
[Site "Pardubice CZE"]
[Date "2018.07.15"]
[Round "6.4"]
[White "Rodshtein, Tereza"]
[Black "Krejci, Martin"]
[Result "1-0"]
[WhiteTitle "WGM"]
[WhiteElo "2219"]
[BlackElo "2069"]
[WhiteTeam "SK ZIKUDA TURNOV A (MCR)"]
[BlackTeam "KS 1925 RICANY A (MCR)"]
[WhiteFideId "325449"]
[BlackFideId "343790"]
[EventDate "2018.07.12"]
[EventType "team"]

1. e4 c5 2. Nf3 d6 3. d4 cxd4 4. Nxd4 Nf6 5. Nc3 a6 6. g3 e6 7. Bg2 Be7 8. O-O
O-O 9. Be3 Qc7 10. Qe2 Bd7 11. Rad1 Nc6 12. f4 Na5 13. Bc1 Rac8 14. g4 Qc4 15.
Qf3 Nc6 16. Be3 d5 17. e5 Ne8 18. Nb3 f6 19. Qg3 a5 20. Nxd5 1-0

[Event "28th Czech Open E 2018"]
[Site "Pardubice CZE"]
[Date "2018.07.15"]
[Round "6.1"]
[White "Cerveny, Martin"]
[Black "Pulpan, Jakub"]
[Result "1/2-1/2"]
[WhiteTitle "IM"]
[BlackTitle "IM"]
[WhiteElo "2359"]
[BlackElo "2386"]
[WhiteTeam "2222 SK POLABINY B (MCR)"]
[BlackTeam "BOZKOV"]
[WhiteFideId "321141"]
[BlackFideId "302759"]
[EventDate "2018.07.12"]
[EventType "team"]

1. d4 Nf6 2. c4 e6 3. Nf3 b6 4. g3 Ba6 5. Qa4 Bb7 6. Bg2 c5 7. dxc5 bxc5 8. O-O
Be7 9. Nc3 O-O 10. Rd1 d6 11. Bf4 Qb6 12. Qb5 Rd8 13. Rd2 Qc7 14. Qa4 a6 15.
Rad1 Nc6 16. h3 Nd4 17. Ne1 Bxg2 18. Kxg2 Qb7+ 19. Kh2 Ne4 20. Nxe4 Qxe4 21. f3
Qb7 22. Be3 Nc6 23. Bf2 h5 24. Kg2 h4 25. gxh4 Ne5 26. Kh2 Ng6 27. Ng2 Bf6 28.
Bg3 Qe7 29. Rxd6 Rxd6 30. Rxd6 Qa7 31. Rd7 Qb6 32. b3 Be5 33. f4 Bd6 34. b4 cxb4
35. Qd1 Bc7 36. e3 a5 37. h5 Nf8 38. Rd2 a4 39. Bh4 e5 40. Be7 exf4 41. exf4 b3
42. axb3 axb3 43. c5 Qb4 44. Rd4 Qb7 45. c6 Qxc6 46. Qxb3 Ne6 47. Rc4 Qd5 48.
Qc2 Rc8 49. Kh1 Qf3 50. Kg1 Bb6+ 51. Kh2 Rxc4 52. Qxc4 Bc7 53. Bg5 Qf2 54. h4
Bb6 55. Qe4 Qg1+ 56. Kh3 Qa1 57. f5 Qh1+ 58. Kg4 Qd1+ 59. Qf3 Qa4+ 60. Bf4 Nd4
61. Qe4 Qd1+ 62. Kh3 Qh1+ 63. Kg3 Qf1 64. Kh3 Ne2 65. Bh2 Bd4 66. Qa8+ Kh7 67.
Qe4 Bf6 68. Qg4 Nc3 69. Qf4 Qd1 70. Ne3 Qd3 71. Kg2 Bd4 72. Ng4 Ne2 73. Qf3 Qc2
74. Kh3 Qd1 75. Kg2 Qc2 76. Kh3 Qd1 77. Kg2 Qc2 78. Kh3 Qd1 1/2-1/2

[Event "28th Czech Open E 2018"]
[Site "Pardubice CZE"]
[Date "2018.07.15"]
[Round "6.2"]
[White "Simet, Martin"]
[Black "Ludvik, Tomas"]
[Result "1/2-1/2"]
[WhiteTitle "FM"]
[WhiteElo "2182"]
[BlackElo "2048"]
[WhiteTeam "BOZKOV"]
[BlackTeam "2222 SK POLABINY B (MCR)"]
[WhiteFideId "377244"]
[BlackFideId "367664"]
[EventDate "2018.07.12"]
[EventType "team"]

1. d4 Nf6 2. Bf4 d6 3. e3 Nbd7 4. Nf3 g6 5. h3 Bg7 6. Be2 O-O 7. c3 c5 8. O-O b6
9. a4 a6 10. Nbd2 Bb7 11. Qb3 Rc8 12. Bh2 Qc7 13. Rfe1 Qb8 14. Bd3 Qa8 15. Qa3
Rfe8 16. e4 1/2-1/2

[Event "28th Czech Open E 2018"]
[Site "Pardubice CZE"]
[Date "2018.07.15"]
[Round "6.4"]
[White "Slovak, Kilian"]
[Black "Kourek, Josef"]
[Result "1/2-1/2"]
[WhiteElo "2285"]
[BlackElo "2080"]
[WhiteTeam "BOZKOV"]
[BlackTeam "2222 SK POLABINY B (MCR)"]
[WhiteFideId "365440"]
[BlackFideId "304107"]
[EventDate "2018.07.12"]
[EventType "team"]

1. e4 c5 2. Nf3 d6 3. d4 cxd4 4. Nxd4 Nf6 5. Nc3 g6 6. Be3 Bg7 7. f3 Nc6 8. Qd2
O-O 9. O-O-O Nxd4 10. Bxd4 Be6 11. h4 Qa5 12. Kb1 Rfc8 13. a3 Rab8 14. h5 b5 15.
hxg6 hxg6 16. Qg5 Qc7 1/2-1/2

[Event "28th Czech Open E 2018"]
[Site "Pardubice CZE"]
[Date "2018.07.15"]
[Round "7.1"]
[White "Votava, Jan"]
[Black "Potapov, Pavel"]
[Result "1-0"]
[WhiteTitle "GM"]
[BlackTitle "GM"]
[WhiteElo "2522"]
[BlackElo "2500"]
[WhiteTeam "2222 SK POLABINY A (MCR)"]
[BlackTeam "YAMAL 1"]
[WhiteFideId "300535"]
[BlackFideId "4169786"]
[EventDate "2018.07.12"]
[EventType "team"]

1. d4 f5 2. g3 Nf6 3. Bg2 g6 4. Nh3 d6 5. Nf4 c6 6. h4 e5 7. dxe5 dxe5 8. Qxd8+
Kxd8 9. Nd3 e4 10. Bg5 Ke7 11. Nf4 Kf7 12. h5 Nxh5 13. Nxh5 gxh5 14. Nd2 Nd7 15.
O-O-O Nf6 16. Nc4 Be6 17. Ne5+ Kg7 18. f3 exf3 19. Bxf3 Ng4 20. Bxg4 hxg4 21.
Rh6 Re8 22. Bf6+ Kg8 23. Rh5 Bc5 24. Rg5+ Kf8 25. Rg7 Rb8 26. Rxb7 1-0

[Event "28th Czech Open E 2018"]
[Site "Pardubice CZE"]
[Date "2018.07.15"]
[Round "7.2"]
[White "Belyakov, Bogdan"]
[Black "Vrana, Jan"]
[Result "1/2-1/2"]
[WhiteTitle "IM"]
[BlackTitle "FM"]
[WhiteElo "2489"]
[BlackElo "2328"]
[WhiteTeam "YAMAL 1"]
[BlackTeam "2222 SK POLABINY A (MCR)"]
[WhiteFideId "24104795"]
[BlackFideId "322369"]
[EventDate "2018.07.12"]
[EventType "team"]

1. e4 e5 2. Nf3 Nf6 3. d4 Nxe4 4. Bd3 d5 5. Nxe5 Nd7 6. Nxd7 Bxd7 7. O-O Bd6 8.
c4 c6 9. cxd5 cxd5 10. Nc3 Nxc3 11. bxc3 O-O 12. Qh5 g6 13. Qxd5 Qc7 14. Bh6
Rfe8 15. h4 Be6 16. Qf3 Qxc3 17. Qf6 Bf8 18. Bxf8 Rxf8 19. Be4 Rad8 20. Rfd1 Bd5
21. Rac1 Qa3 22. h5 Qd6 23. Qxd6 Rxd6 24. Bxd5 Rxd5 25. Rc7 Rxh5 26. d5 Rd8 27.
Rxb7 Rhxd5 28. Rxd5 Rxd5 29. Rxa7 h5 30. f3 Rd2 31. Kh2 Kg7 32. Kg3 g5 33. a4
Ra2 34. a5 Kg6 35. Ra8 h4+ 36. Kh3 Kf5 37. Kh2 Kf4 38. a6 f5 39. a7 Ra1 40. Rb8
Rxa7 41. Rb4+ Ke5 42. Rb5+ Kf6 43. Rb6+ Kg7 44. Rb5 Rf7 45. Kh3 Kg6 46. Ra5 Rb7
47. Ra6+ Kh5 48. Ra5 Rf7 49. Rb5 Rf6 50. Ra5 Kg6 51. f4 Rd6 1/2-1/2

[Event "28th Czech Open E 2018"]
[Site "Pardubice CZE"]
[Date "2018.07.15"]
[Round "7.3"]
[White "Novotny, Michal"]
[Black "Potapov, Alexander1"]
[Result "1/2-1/2"]
[WhiteTitle "FM"]
[BlackTitle "GM"]
[WhiteElo "2304"]
[BlackElo "2404"]
[WhiteTeam "2222 SK POLABINY A (MCR)"]
[BlackTeam "YAMAL 1"]
[WhiteFideId "310980"]
[BlackFideId "4115074"]
[EventDate "2018.07.12"]
[EventType "team"]

1. d4 f5 2. Bg5 g6 3. Nd2 Bg7 4. e4 fxe4 5. Nxe4 d5 6. Nc5 Qd6 7. Qd2 b6 8. Nb3
Nf6 9. Bf4 Qe6+ 10. Qe2 c6 11. O-O-O Qxe2 12. Bxe2 Ne4 13. Be3 O-O 14. Bf3 Nd6
15. Bg5 Re8 16. h4 Nd7 17. h5 Nf7 18. Be3 g5 19. h6 Bxh6 20. Bh5 Bg7 21. Bxg5
Nf8 22. Nf3 Bf5 23. Be3 Bg6 24. Bg4 Rad8 25. Nh4 e5 26. Nxg6 Nxg6 27. Rh5 Nf4
28. Bxf4 exf4 29. Rdh1 Nd6 30. Rxh7 Ne4 31. Bf5 Nxf2 32. Rf1 Ne4 33. Rh4 Ng3 34.
Bh7+ Kf7 35. Rfxf4+ Bf6 36. Bd3 Rh8 37. Rxh8 Rxh8 38. c3 Rh1+ 39. Kc2 Rg1 40.
Rf2 Nh1 41. Re2 Ng3 42. Rf2 Nh1 43. Re2 1/2-1/2

[Event "28th Czech Open E 2018"]
[Site "Pardubice CZE"]
[Date "2018.07.15"]
[Round "7.4"]
[White "Krapivin, Vladislav"]
[Black "Bernard, Borek"]
[Result "1/2-1/2"]
[WhiteTitle "IM"]
[WhiteElo "2310"]
[BlackElo "2313"]
[WhiteTeam "YAMAL 1"]
[BlackTeam "2222 SK POLABINY A (MCR)"]
[WhiteFideId "4126149"]
[BlackFideId "315672"]
[EventDate "2018.07.12"]
[EventType "team"]

1. e4 c5 2. Nc3 a6 3. g3 b5 4. Bg2 Bb7 5. d3 e6 6. Nf3 Nf6 7. O-O d5 8. e5 Nfd7
9. Re1 Nc6 10. Bf4 b4 11. Nxd5 exd5 12. e6 Be7 13. exd7+ Qxd7 14. Ng5 O-O 15.
Bh3 f5 16. Qh5 Bxg5 17. Bxg5 g6 18. Qd1 Rae8 1/2-1/2

[Event "28th Czech Open E 2018"]
[Site "Pardubice CZE"]
[Date "2018.07.15"]
[Round "7.1"]
[White "Sokolov, Alexander"]
[Black "Polak, Tomas"]
[Result "0-1"]
[WhiteTitle "FM"]
[BlackTitle "GM"]
[WhiteElo "2394"]
[BlackElo "2492"]
[WhiteTeam "TJ PANKRAC (MCR)"]
[BlackTeam "MORAVSKA SLAVIA BRNO A (MCR)"]
[WhiteFideId "4119177"]
[BlackFideId "300560"]
[EventDate "2018.07.12"]
[EventType "team"]

1. e4 c6 2. d4 d5 3. exd5 cxd5 4. c4 Nf6 5. Nc3 e6 6. Nf3 Bb4 7. Bd3 dxc4 8.
Bxc4 O-O 9. O-O b6 10. Bg5 Bb7 11. Qe2 Bxc3 12. bxc3 Nbd7 13. Bd3 Qc7 14. c4
Rfe8 15. Rfe1 Rac8 16. h3 h6 17. Bd2 Qd6 18. Rad1 Kh8 19. Ne5 Nxe5 20. dxe5 Qc6
21. f4 Nd7 22. Be4 Qxe4 23. Qxe4 Bxe4 24. Rxe4 Red8 25. Bb4 Nc5 26. Red4 Rxd4
27. Rxd4 Kh7 28. Bd2 Kg6 29. g4 Rc7 30. Kg2 Na4 31. Rd6 Rxc4 32. f5+ Kh7 33.
fxe6 fxe6 34. Rxe6 Nc5 35. Rd6 Ne4 36. Rd8 Rc2 37. e6 Nxd2 38. e7 Ne4+ 39. Kf3
Nf6 40. Rf8 Rc3+ 41. Kf2 Rc6 0-1

[Event "28th Czech Open E 2018"]
[Site "Pardubice CZE"]
[Date "2018.07.15"]
[Round "7.2"]
[White "Blatny, Pavel"]
[Black "Dolezal, Radoslav2"]
[Result "0-1"]
[WhiteTitle "GM"]
[WhiteElo "2335"]
[BlackElo "1971"]
[WhiteTeam "MORAVSKA SLAVIA BRNO A (MCR)"]
[BlackTeam "JIHOCESKY PRAPOR"]
[WhiteFideId "300047"]
[BlackFideId "306789"]
[EventDate "2018.07.12"]
[EventType "team"]

1. b3 d5 2. e3 Nf6 3. Bb2 g6 4. Be2 Bg7 5. g4 h6 6. h4 c5 7. d3 Nc6 8. f4 Qd6 9.
Nh3 e5 10. O-O h5 11. d4 exd4 12. exd4 Nxg4 13. Bb5 O-O 14. Bxc6 Qxc6 15. Re1
Bf5 16. c3 Rfe8 17. Nd2 Ne3 18. Qf3 Nc2 19. Rxe8+ Rxe8 20. Rc1 Re3 21. Qf2 Rxh3
22. Nf1 cxd4 23. cxd4 Qf6 0-1

[Event "28th Czech Open E 2018"]
[Site "Pardubice CZE"]
[Date "2018.07.15"]
[Round "7.4"]
[White "Tikovsky, Alexandr"]
[Black "Postupa, Martin"]
[Result "0-1"]
[WhiteElo "2169"]
[BlackElo "2092"]
[WhiteTeam "MORAVSKA SLAVIA BRNO A (MCR)"]
[BlackTeam "TJ PANKRAC (MCR)"]
[WhiteFideId "313009"]
[BlackFideId "325210"]
[EventDate "2018.07.12"]
[EventType "team"]

1. g3 e5 2. Bg2 Nc6 3. d3 g6 4. c4 Bg7 5. Nc3 Nge7 6. e4 O-O 7. h4 h6 8. Be3 f5
9. Qd2 Kh7 10. h5 g5 11. exf5 Nxf5 12. Be4 Kh8 13. Nge2 d6 14. Nd5 Nce7 15.
O-O-O c6 16. Nxe7 Qxe7 17. Nc3 Nxe3 18. Qxe3 Bf5 19. Ne2 Qe6 20. f3 d5 21. Bxf5
Qxf5 22. Rhf1 dxc4 23. dxc4 Qf7 24. Nc3 Qxc4 25. Kb1 Rad8 26. g4 a5 27. Ne4 Rd4
28. Rc1 Qd5 29. Qe2 b5 30. Ng3 Rff4 31. Rf2 Rd3 32. Rcf1 Rfd4 33. Ne4 c5 34. Nc3
Qd7 35. Rc1 c4 36. Qc2 Qc6 37. Ne4 a4 38. Rff1 b4 39. Rcd1 b3 0-1

[Event "28th Czech Open E 2018"]
[Site "Pardubice CZE"]
[Date "2018.07.15"]
[Round "7.1"]
[White "Vyprachticky, David"]
[Black "Cernousek, Lukas"]
[Result "1-0"]
[WhiteTitle "FM"]
[BlackTitle "IM"]
[WhiteElo "2301"]
[BlackElo "2449"]
[WhiteTeam "SK OAZA PRAHA A (MCR)"]
[BlackTeam "UNICHESS A (MCR)"]
[WhiteFideId "346209"]
[BlackFideId "311707"]
[EventDate "2018.07.12"]
[EventType "team"]

1. d4 f5 2. Bf4 d6 3. e3 g6 4. Nf3 Bg7 5. Bc4 Nf6 6. h3 e6 7. g4 Qe7 8. gxf5
gxf5 9. Rg1 Nc6 10. Nc3 Bd7 11. d5 exd5 12. Nxd5 Nxd5 13. Qxd5 O-O-O 14. O-O-O
Bf6 15. Ng5 Rhf8 16. Nf7 Rde8 17. Bh6 Bxb2+ 18. Kb1 Bf6 19. Bxf8 Rxf8 20. Nh6
Nb4 21. Qa5 Nc6 22. Qd5 Nb4 23. Qg8 Re8 24. Qg3 d5 25. Bb3 Qc5 26. e4 fxe4 27.
Qe3 Qa5 28. Rg8 c6 29. Qf4 Rxg8 30. Nxg8 Bc3 31. Rg1 Nxa2 32. Ne7+ Kd8 33. Qd6
Ke8 34. Nxd5 cxd5 35. Rg8+ Kf7 36. Bxd5+ Qxd5 37. Qxd5+ Be6 38. Qd8 Bb4 39. Qe8+
Kf6 40. Rg3 1-0

[Event "28th Czech Open E 2018"]
[Site "Pardubice CZE"]
[Date "2018.07.15"]
[Round "7.2"]
[White "Simek, Petr2"]
[Black "Straka, Vojtech"]
[Result "1/2-1/2"]
[WhiteTitle "FM"]
[BlackTitle "FM"]
[WhiteElo "2334"]
[BlackElo "2379"]
[WhiteTeam "UNICHESS A (MCR)"]
[BlackTeam "SK OAZA PRAHA A (MCR)"]
[WhiteFideId "319260"]
[BlackFideId "312509"]
[EventDate "2018.07.12"]
[EventType "team"]

1. d4 Nf6 2. c4 c5 3. d5 e6 4. Nc3 exd5 5. cxd5 d6 6. g3 g6 7. Bg2 Bg7 8. Nf3
O-O 9. O-O Nbd7 10. a4 Qe7 11. h3 Nh5 12. Re1 Ne5 13. Nxe5 Bxe5 14. Bh6 Re8 15.
Qd2 Bd7 16. g4 Ng7 17. e4 f5 18. exf5 gxf5 19. Bf4 Qf7 20. Bxe5 dxe5 21. d6 fxg4
22. hxg4 Bxg4 23. Qg5 Qf4 24. Qxf4 exf4 25. Bxb7 Rxe1+ 26. Rxe1 Rd8 27. Ne4 Kf8
28. Rc1 Ne6 29. Bd5 Bf5 30. Bxe6 Bxe4 31. d7 Ke7 32. Bh3 Kd6 33. b4 cxb4 34. Rc8
Ke7 35. Rc4 Bd5 36. Rxb4 Bc6 37. Rxf4 Bxd7 38. Rh4 Rg8+ 39. Kh2 Rg7 40. Bxd7
Kxd7 41. Rh6 Ke8 42. Kh3 Kf8 43. Ra6 Rf7 1/2-1/2

[Event "28th Czech Open E 2018"]
[Site "Pardubice CZE"]
[Date "2018.07.15"]
[Round "7.3"]
[White "Cuhra, Martin"]
[Black "Kuba, Jindrich"]
[Result "1/2-1/2"]
[BlackTitle "FM"]
[WhiteElo "2218"]
[BlackElo "2309"]
[WhiteTeam "SK OAZA PRAHA A (MCR)"]
[BlackTeam "UNICHESS A (MCR)"]
[WhiteFideId "327735"]
[BlackFideId "318248"]
[EventDate "2018.07.12"]
[EventType "team"]

1. e4 c5 2. Nf3 e6 3. d4 cxd4 4. Nxd4 a6 5. Nc3 Qc7 6. g3 Bb4 7. Ne2 Be7 8. Bg2
Nc6 9. O-O Nf6 10. Be3 d6 11. Na4 b5 12. Nb6 Rb8 13. Nxc8 Rxc8 14. a4 b4 15. c4
O-O 16. h3 Nd7 17. b3 Rfd8 18. Rc1 Nc5 19. Nd4 Na5 20. Rb1 Bf6 21. Qc2 g6 22.
Rfd1 Bg7 23. Ne2 Nc6 24. g4 e5 25. Rd5 Ne6 26. Rdd1 Ned4 27. Bxd4 Nxd4 28. Qd3
Qc5 29. Rf1 Re8 30. Rbd1 a5 1/2-1/2

[Event "28th Czech Open E 2018"]
[Site "Pardubice CZE"]
[Date "2018.07.15"]
[Round "7.4"]
[White "Kovar, Vojtech"]
[Black "Seidl, Stepan"]
[Result "1/2-1/2"]
[WhiteElo "2264"]
[BlackElo "2177"]
[WhiteTeam "UNICHESS A (MCR)"]
[BlackTeam "SK OAZA PRAHA A (MCR)"]
[WhiteFideId "314943"]
[BlackFideId "338290"]
[EventDate "2018.07.12"]
[EventType "team"]

1. e4 c5 2. Ne2 Nc6 3. d4 cxd4 4. Nxd4 g6 5. Nc3 Bg7 6. Be3 Nf6 7. Bc4 O-O 8.
Bb3 d6 9. h3 Bd7 10. O-O Nxd4 11. Bxd4 Bc6 12. Re1 Nd7 13. Nd5 Bxd4 14. Qxd4
Bxd5 15. exd5 f6 16. Re3 Rf7 17. Rae1 Nc5 18. c3 Nxb3 19. axb3 a6 20. h4 Rc8 21.
c4 Kf8 22. b4 Kg8 23. Re6 Rc7 24. c5 Rd7 25. c6 Rc7 26. Rc1 Qc8 27. Qb6 bxc6 28.
Rxc6 Rxc6 29. Qxc6 Qb8 30. Qd7 Qa8 31. Qc6 Qb8 32. Qd7 Qa8 33. Rxe7 Rxe7 34.
Qxe7 Qxd5 35. Qxf6 Qd3 36. g3 d5 37. Qd8+ Kg7 38. Qe7+ Kg8 39. h5 gxh5 40. Qe8+
Kg7 41. Qxh5 Qb1+ 42. Kg2 Qe4+ 43. Qf3 Qe6 44. Qf4 Kg8 45. Kf3 Qc6 46. Qg5+ Kf7
47. Qf5+ Kg8 48. Kg4 Qc4+ 49. f4 d4 50. Qg5+ Kf7 51. Qh5+ Kg7 52. Qe5+ Kg8 53.
Qe8+ Kg7 54. f5 d3+ 55. Kf3 Qd5+ 56. Kf4 Qd4+ 57. Kf3 d2 58. Qe7+ Kg8 59. Qe8+
Kg7 60. Qe7+ Kg8 1/2-1/2

[Event "28th Czech Open E 2018"]
[Site "Pardubice CZE"]
[Date "2018.07.15"]
[Round "7.2"]
[White "Vinklarek, Ondrej"]
[Black "Cech, Pavel"]
[Result "1/2-1/2"]
[BlackTitle "IM"]
[WhiteElo "2071"]
[BlackElo "2345"]
[WhiteTeam "TJ SPARTA KUTNA HORA (MCR)"]
[BlackTeam "SK ZIKUDA TURNOV A (MCR)"]
[WhiteFideId "318370"]
[BlackFideId "302139"]
[EventDate "2018.07.12"]
[EventType "team"]

1. e4 e6 2. d4 d5 3. Nc3 Bb4 4. e5 c5 5. Bd2 Ne7 6. Nb5 Bxd2+ 7. Qxd2 O-O 8. f4
cxd4 9. Nf3 Nbc6 10. Bd3 f6 11. O-O Qb6 12. a4 Bd7 13. Qf2 Nb4 14. Nbxd4 Nec6
15. Nb5 fxe5 16. Qxb6 axb6 17. fxe5 Nxd3 18. cxd3 Nb4 19. d4 Bxb5 20. axb5 h6
21. h3 Ra5 22. Rxa5 bxa5 23. Rc1 Nd3 24. Rc7 Nxb2 25. Rxb7 Nc4 26. Re7 Rb8 27.
Rxe6 Rxb5 28. Ra6 Rb6 29. Ra7 g5 30. Kf2 Rb2+ 31. Kg1 Kf8 32. Ne1 Rd2 33. Nf3
Ra2 34. Ne1 Rd2 35. Nf3 Ra2 36. Ne1 Ke8 37. Nd3 Rd2 38. Nc5 Rxd4 39. e6 Rd2 40.
Kf1 Ne3+ 41. Ke1 Rc2 42. Ra8+ Ke7 43. Ra7+ Kf6 44. Rf7+ Kg6 45. Nd7 Nxg2+ 46.
Kf1 Ne3+ 47. Kg1 Rc1+ 48. Kf2 Rf1+ 49. Kxe3 Rxf7 50. Ne5+ Kg7 51. exf7 a4 52.
Kd4 a3 53. Kc3 d4+ 54. Kb3 d3 55. Nxd3 Kxf7 56. Kxa3 Kg6 57. Kb4 Kh5 58. Ne5 Kh4
59. Ng4 h5 60. Nf6 g4 61. hxg4 hxg4 62. Nxg4 Kxg4 1/2-1/2

[Event "28th Czech Open E 2018"]
[Site "Pardubice CZE"]
[Date "2018.07.15"]
[Round "7.3"]
[White "Sodoma, Jan"]
[Black "Duda, Antonin"]
[Result "1/2-1/2"]
[WhiteTitle "IM"]
[WhiteElo "2342"]
[BlackElo "2066"]
[WhiteTeam "SK ZIKUDA TURNOV A (MCR)"]
[BlackTeam "TJ SPARTA KUTNA HORA (MCR)"]
[WhiteFideId "323195"]
[BlackFideId "326720"]
[EventDate "2018.07.12"]
[EventType "team"]

1. Nf3 d5 2. d4 Nf6 3. c4 e6 4. Nc3 dxc4 5. e3 a6 6. a4 c5 7. Bxc4 Nc6 8. O-O
Be7 9. Qe2 cxd4 10. Rd1 e5 11. exd4 exd4 12. Ne5 O-O 13. Bg5 Bf5 14. Rd2 Qd6 15.
Bf4 Qc5 16. Nxc6 Qxc6 17. Rxd4 Bc5 18. Rd2 Rfe8 19. Qf1 Rad8 20. Rad1 Rxd2 21.
Rxd2 h6 22. h3 1/2-1/2

[Event "28th Czech Open E 2018"]
[Site "Pardubice CZE"]
[Date "2018.07.15"]
[Round "7.4"]
[White "Polak, Benedikt"]
[Black "Rodshtein, Tereza"]
[Result "1/2-1/2"]
[BlackTitle "WGM"]
[WhiteElo "2126"]
[BlackElo "2219"]
[WhiteTeam "TJ SPARTA KUTNA HORA (MCR)"]
[BlackTeam "SK ZIKUDA TURNOV A (MCR)"]
[WhiteFideId "317012"]
[BlackFideId "325449"]
[EventDate "2018.07.12"]
[EventType "team"]

1. c4 c6 2. Nf3 d5 3. e3 Nf6 4. Nc3 e6 5. b3 Bd6 6. Bb2 O-O 7. Qc2 dxc4 8. Bxc4
e5 9. Ng5 Qe7 10. h4 Na6 11. a3 Be6 12. Bxe6 fxe6 13. Nce4 Rad8 14. b4 Bb8 15.
Qc4 Nd5 16. Nf3 Rf5 17. Ng3 Rxf3 18. gxf3 Rf8 19. Ne4 Rxf3 20. O-O-O Rf8 21. Kb1
Rc8 22. Rdg1 b5 23. Qb3 Nb6 24. d3 c5 25. bxc5 Nxc5 26. Nxc5 Rxc5 27. d4 Rd5 28.
e4 Nc4 29. Rd1 Rd8 30. dxe5 Rd2 31. Bc1 Rxf2 32. Qxb5 Qc7 33. Qe8+ Rf8 34. Qxe6+
Kh8 35. Rd7 Qc5 36. Qe7 Qb6+ 37. Qb4 Bxe5 38. Qxb6 axb6 39. Rf1 Ra8 40. Kc2 h6
41. Kb3 b5 42. Rd5 Bf6 43. Rxf6 gxf6 44. Rxb5 Nd6 45. Rb6 Nxe4 46. Bxh6 Kh7 47.
Be3 Rd8 48. Kc4 Kg6 49. a4 Rc8+ 50. Kb4 Nc3 51. Rd6 Ne4 52. Rd5 f5 53. h5+ Kxh5
54. Rxf5+ Kg6 55. Re5 Rb8+ 56. Rb5 Rd8 57. a5 Nf6 58. Bc5 Rd1 59. a6 Rb1+ 60.
Ka5 Ra1+ 61. Kb6 Nd5+ 62. Kc6 Nc3 63. Rb6 Na4 64. Kb7+ Nxb6 65. Kxb6 Rxa6+ 1/2-1/2